The washing of the spears (Record no. 61438)

MARC details
000 -LEADER
fixed length control field 00601nam a2200157 a 4500
008 - FIXED-LENGTH DATA ELEMENTS--GENERAL INFORMATION
fixed length control field 120416s1966 ||||||||||||||||| || u
020 ## - INTERNATIONAL STANDARD BOOK NUMBER
International Standard Book Number 0224610589
050 ## - LIBRARY OF CONGRESS CALL NUMBER
Classification number DT 878.Z9 Mor
100 ## - MAIN ENTRY--PERSONAL NAME
Personal name Morris, Donald R
245 14 - TITLE STATEMENT
Title The washing of the spears
246 ## - VARYING FORM OF TITLE
Title proper/short title a history of the rise of the Zulu nation under Shaka and its fall in the Zulu war of 1879
260 ## - PUBLICATION, DISTRIBUTION, ETC.
Place of publication, distribution, etc. London
Name of publisher, distributor, etc. Jonathan Cape
Date of publication, distribution, etc. 1966
300 ## - PHYSICAL DESCRIPTION
Extent 655p. : ill.
350 ## - PRICE (NR) (BK AM CF MU VM SE) [OBSOLETE]
Price 0.00
995 ## - RECOMMENDATION 995 [LOCAL, UNIMARC FRANCE]
-- 0.00
-- CBU-MAIN LIBRARY (Kitwe)
-- 1
-- 4.50
-- AVAILABLE
-- Main Library Open Access Collection
Holdings
Withdrawn status Lost status Source of classification or shelving scheme Damaged status Not for loan Home library Current library Shelving location Date acquired Total Checkouts Full call number Barcode Date last seen Price effective from Koha item type
          CBU-MAIN LIBRARY, KITWE. CBU-MAIN LIBRARY, KITWE.   11/30/2022   DT 878.Z9 Mor 001044 11/30/2022 11/30/2022 MONOGRAPH